000 00415nam a22001577a 4500
003 OSt
005 20140326112220.0
008 140326b xxu||||| |||| 00| 0 eng d
020 _a055305581X
050 _aER
_bW17 1986
245 _aWalt Disney the Ugly Stepsisters /
260 _aNew York :
_bBatman Books Inc.,
_c1986.
300 _a1 v (unpaged) :
_bcol. ill. ;
_c26 cm.
942 _2lcc
_cBK
999 _c48774
_d48774